Farm Animals 2 - Statistics

General Stats
  • This quiz has been taken 33 times
  • The average score is 6 of 12
Answer Stats
Picture Answer % Correct
Peacock
94%
Donkey
67%
Camel
61%
Mule
50%
Quail
44%
Farm Cat
39%
Ox
39%
Pony
39%
Zebu
39%
Herding Dog
33%
Water Buffalo
33%
Yak
33%
No matching quizzes found
Score Distribution
Percent of People with Each Score
Percentile by Number Answered
Your Score History
You have not taken this quiz